Los límites de la tolerancia y el sujeto universal: (Una polémica con locke, Voltaire, Rousseau y Hume)
Sábháilte in:
| Príomhchruthaitheoir: | |
|---|---|
| Formáid: | LEABHAR |
| Teanga: | Undetermined |
| Foilsithe / Cruthaithe: |
San José, Costa Rica
Sistema de Estudios de Posgrado, Universidad de Costa Rica
2002
|
| Ábhair: | |
| Clibeanna: |
Cuir clib leis
Níl clibeanna ann, Bí ar an gcéad duine le clib a chur leis an taifead seo!
|
MARC
| LEADER | 00000nam a2200000Ia 4500 | ||
|---|---|---|---|
| 008 | 170316s9999 xx 000 0 und d | ||
| 090 | |a 100 O-1.2L | ||
| 100 | |a Ocampo Álvarez, Ángel | ||
| 245 | |a Los límites de la tolerancia y el sujeto universal: (Una polémica con locke, Voltaire, Rousseau y Hume) | ||
| 260 | |a San José, Costa Rica | ||
| 260 | |b Sistema de Estudios de Posgrado, Universidad de Costa Rica | ||
| 260 | |c 2002 | ||
| 300 | |a 267 páginas | ||
| 650 | |a SISTEMA DE ESTUDIOS DE POSGRADO | ||
| 650 | |a MAGÍSTER PHILOSOPHIAE | ||
| 650 | |a TRABAJO FINAL DE GRADUACIÓN | ||
| 999 | |c 17196 |d 17196 | ||
| 040 | |a cru BVZT | ||
| 942 | |c 15 D |h 100 O-1.2L |2 z | ||
